MDQL
is popping MORE tags! Check the
thread
!
Quizzes
Events
Quiz Creation
Community
Videos
Private Events
Remove Ads
Sign In
Join for FREE
Feedback
Dark Mode
Quiz Categories
Sports
Geography
Music
Movies
Television
Just For Fun
Miscellaneous
History
Literature
Language
Science
Gaming
Entertainment
Religion
Holiday
For Kids
Quiz Lab
Recent
Popular Today
Quiz Kudos Today
Editor Picks
Curator Picks
Quizzes by...
Day
Popularity
Type
Ratings
Length
Year
Community
Subscriptions
Recent Discussions
Orange Saloon
Badges
Playlists
Quests
Create
Leaderboards
Showdown
Live 5
Trivia Bingo
Activity
Puzzle Library
Sporcle Events
Private Events
Virtual Trivia
Globe League
Become a Host
Pub Owners
SporcleCon
Opinionation
Our Games
Videos
Blog
Mobile Apps
Partnerships
Remove Ads and Go Orange
Feedback
Gaming
Video Games
Board Games
Card Games
Pokémon
Mario
Nintendo
Minecraft
Console
Toys
Legend of Zelda
Gaming
Video Games
Board Games
Card Games
Pokémon
Mario
Nintendo
Minecraft
Console
Toys
Legend of Zelda
Random Quiz
Search Sporcle
×
Quiz Lab
Quiz Lab
Gaming
Rankings
Type in answers that appear in a list
Type in answers that appear in a list
Classic
Best Score? Go Orange.
High School Quiz Bowl Rankings Stats
Can you name the top 50 high school quiz bowl teams?
By
bradsleftfoot
10m
50 Questions
249 Plays
249 Plays
249 Plays
Comments
Comments
Give Quiz Kudos
Give Quiz Kudos
-
- Ratings
hide this ad
Replay
Link that replays current quiz
Next Quiz
Link to next quiz in quiz playlist
You Got
0%
They Got
Avg Score
28%
Avg Friend Score
Upgrade to see
Score Distribution
Jump to the score distribution portion of the page
Score
0/50
Timer
10:00
0
Plays Today
Rank
School
% Correct
2
Thomas Jefferson A (VA)
72.3%
1
Wayzata A (MN)
62.2%
5
Detroit Catholic Central A (MI)
53%
13
Hunter A (NY)
51.8%
4
Canyon Crest A (CA)
47.4%
27
Thomas Jefferson B (VA)
45.8%
37
Detroit Catholic Central B (MI)
45.4%
8
Richard Montgomery A (MD)
45%
12
Lehigh Valley A (PA)
44.6%
3
Katy Taylor High School A (TX)
44.2%
11
Liberal Arts and Science Academy A (TX)
43.8%
6
Rockford Auburn A (IL)
42.6%
46
Cistercian A (TX)
41%
21
Chattahoochee A (GA)
40.6%
7
Illinois Math and Science Academy A (IL)
39%
10
Adlai Stevenson A (IL)
38.2%
16
Montgomery Blair A (MD)
37.8%
30
High Tech A (NJ)
37.3%
9
Miami Valley A (OH)
32.1%
38
Dublin Scioto A (OH)
31.7%
19
Beavercreek A (OH)
30.9%
23
Ladue A (MO)
30.5%
47
Henderson County A (KY)
25.7%
25
Arcadia A (CA)
25.3%
42
Montgomery Blair B (MD)
25.3%
Rank
School
% Correct
14
Crystal Springs Uplands A (CA)
24.5%
22
Fremd A (IL)
22.1%
24
St. John's A (TX)
21.7%
15
Early College at Guilford A (NC)
21.7%
33
Latin School of Chicago A (IL)
20.1%
18
Homestead A (CA)
19.3%
43
Dunbar A (KY)
19.3%
34
Solon A (OH)
18.1%
26
Robinson A (VA)
18.1%
31
James Clemens A (AL)
17.3%
28
Harker School A (CA)
15.7%
44
Saint Joseph A (NJ)
15.7%
50
Woodford County A (KY)
15.7%
17
duPont Manual A (KY)
14.9%
40
Phillips Academy A (MA)
14.9%
36
Hoover A (AL)
14.5%
20
MICDS A (MO)
13.7%
35
Northview A (GA)
13.7%
45
Mission San Jose A (CA)
13.3%
32
Ed W. Clark A (NV)
13.1%
41
Centennial A (MD)
11.5%
29
Strake Jesuit A (TX)
10.4%
48
Manheim Township A (PA)
10.4%
39
Olentangy Liberty A (OH)
8.4%
49
Cloverleaf A (OH)
4.9%
Quiz Playlist
Details
Report
Send in Message
Add To Playlist
Classic:
Type in answers that appear in a list
Last Updated: Dec 17, 2017
Quiz Scoreboard
CHALLENGE
Sign Up to Join the Scoreboard
Show All
Scores
Hide
Comments
May contain spoilers
Recently Published
Find the 'City' Movie
by crazypaving
Movies
60s
5x2 Blitz: Bands
by SL_Kpop136
Music
30s
Colored Red Africa Blitz
by spor1
Geography
30s
More to Explore
Quiz From the Vault
Featured Blog Post
14 Easter Pick-up Lines to Find Eggs With
hide this ad
You Might Also Like...
Tags
By Rank
High School
Rankings
Today's Top Quizzes in Gaming
Browse Gaming
hide this ad
Today's Top Quizzes in Rankings
Browse Rankings
Top Contributed Quizzes in Gaming
1
Genshin murder mystery
2
Dead By Daylight Logic Puzzle
3
Destiny 2 exotic weapons by perk icons
4
League of Legends Pro Players by Career/Team History
5
Genshin Impact Logic Puzzle
6
Overwatch 2: Ultimate Ability Icons
7
Genshin Impact Logic Puzzle Quiz II
8
Overwatch Logic Puzzle
9
Who's on the WWE 2K24 Cover?
10
5-to-1: Legend of Zelda
Explore More
Trending Topics
Kpop
Crossword
Anime
Harry Potter
NBA
Marvel
Disney
Song
Pokémon
Soccer
The Office
Puzzle
Country
NFL
WWE
hide this ad
More By:
bradsleftfoot
Quiz
Plays
Rating
Category
Featured
Created
US News' National University Rankings
462
5.00
Miscellaneous
Feb 10, 2017
World's Largest Metros
363
4.71
Geography
Jul 7, 2017
US News Top Public Schools 2017
321
3.33
Miscellaneous
Feb 10, 2017
High School Quiz Bowl Rankings
249
5.00
Gaming
Apr 18, 2017
Every U.S. Metro over 150k
186
4.00
Geography
Dec 12, 2021
Go to Creator's Profile
Score Distribution
Quiz Creator Spotlight
bradsleftfoot
Follow
Send a Message
Quizzes Created
-
Created Quiz Play Count
-
More By This Creator
Popular Quizzes Today
1
Colored Red Africa Blitz
2
Find the 'City' Movie
3
Find the US States - No Outlines Minefield
4
5x2 Blitz: Bands
5
The Countries of the World
6
Find the US States
7
Find the Countries of Europe - No Outlines Minefield
8
US States
More Gaming Quizzes
Logos Through the Ages: Xbox
Published
Trending Quizzes
Colored Red Europe Blitz I
Colored Red Europe Blitz II
Colored Red Africa Blitz II
Colored Red Europe Blitz III
Colored Red Africa Blitz III
Recently Updated
How Do You Spell That?
pecheneg
Godzilla Movies
pecheneg
Grab Bag: 4-10 Letters
pecheneg
2024 March Madness Bracket
pecheneg
Famous TV Couples
Peacemaker
Champions League XIs: Real Madrid
pecheneg
Largest US Cities 1790-2010
pecheneg
Rides in Walt Disney World
pecheneg
Most Oscar Losses (Acting)
pecheneg
Beyoncé Albums
pecheneg
Trending Topics
NBA
Harry Potter
Kpop
Marvel
Crossword
Anime
Disney
Song
Puzzle
NFL
The Office
WWE
Soccer
Pokémon
Country
Your Account Isn't Verified!
In order to create a playlist on Sporcle, you need to verify the email address you used during registration. Go to your
Sporcle Settings
to finish the process.
Report this User
Report this user for behavior that violates our
Community Guidelines
.
Details:
Send Report
Go to the Sporcle.com Mobile Site →
Comments